I questori municipali dell'Italia antica
Guardat en:
| Autor principal: | |
|---|---|
| Format: | Llibre |
| Idioma: | italià |
| Publicat: |
Roma
Don Bosco
1988
|
| Edició: | 1a. ed |
| Col·lecció: | Studi Pubblicati Dall' Istituto Italiano per la Storia Antica, 41
|
| Matèries: | |
| Etiquetes: |
Afegir etiqueta
Sense etiquetes, Sigues el primer a etiquetar aquest registre!
|
MARC
| LEADER | 00000cam a2200000 a 4500 | ||
|---|---|---|---|
| 001 | UCD9261 | ||
| 003 | CL-VaPUC | ||
| 008 | 170609e19880000it |||||||||||||||||ita|d | ||
| 082 | 0 | 4 | |a 937 |b PET |2 21 |
| 100 | 0 | |a Petraccia Lucernoni, Maria Federica |e author |9 592967 | |
| 245 | 1 | 2 | |a I questori municipali dell'Italia antica |
| 250 | |a 1a. ed | ||
| 300 | |a 387 p | ||
| 942 | |c BK | ||
| 945 | |d 20170609 16:51:00 |a arojas | ||
| 260 | |a Roma |b Don Bosco |c 1988 | ||
| 650 | 0 | |a Historia de Roma |9 315349 | |
| 650 | 0 | |a Historia antigua |9 267521 | |
| 650 | 0 | |a Paleografía |9 264942 | |
| 650 | 7 | |a EPIGRAFIA |2 CL-VaPUC |9 340320 | |
| 650 | 0 | |a Magistrados |9 328492 | |
| 583 | |a last modification |c 20170609 16:51:00 |k Rodrigo Vera | ||
| 490 | 0 | |a Studi Pubblicati Dall' Istituto Italiano per la Storia Antica, 41 | |
| 999 | |c 368502 |d 368500 | ||
| 952 | |0 0 |1 0 |3 erb |4 0 |6 937_000000000000000_PET_1988 |7 0 |8 A |9 483851 |a FDOLAF |b FDOLAF |e Laffi, Umberto, 1939- |i 5396123 |o 937 PET 1988 |p 5396123 |r 2024-01-30 |w 2019-11-24 |y BK |z Catalogado en:20170609 |k LAF | ||